Größte Städte des Regierungsbezirks Trier - Statistiken

Allgemein
  • Dieses Quiz wurde 92 mal gespielt
  • Das Durchschnittsergebnis liegt bei 11 aus 20
Antwortstatistiken
Einwohner Kreis Stadt % Korrekt
111.528 kreisfrei Trier
100%
19.069 Bernkastel-Wittlich Wittlich
100%
7.133 Bernkastel-Wittlich Bernkastel-Kues
99%
15.047 Bitburg-Prüm Bitburg
97%
7.381 Trier-Saarburg Saarburg
96%
5.510 Bitburg-Prüm Prüm
92%
18.332 Trier-Saarburg Konz
75%
8.010 Vulkaneifel Daun
73%
7.848 Trier-Saarburg Schweich
58%
7.757 Vulkaneifel Gerolstein
52%
6.638 Trier-Saarburg Hermeskeil
49%
10.477 Bernkastel-Wittlich Morbach
35%
5.664 Bernkastel-Wittlich Traben-Trarbach
34%
3.747 Trier-Saarburg Trierweiler
34%
2.906 Trier-Saarburg Föhren
31%
2.745 Trier-Saarburg Kenn
27%
3.235 Vulkaneifel Hillesheim
18%
3.558 Bitburg-Prüm Speicher
16%
3.061 Trier-Saarburg Zemmer
13%
2.725 Trier-Saarburg Newel
8%
Keine übereinstimmenden Quizze gefunden
Verteilung der Resultate
Anzahl Personen mit jedem Resultat
Perzentil nach korrekt beantworteten Fragen
Ihre Resultats-Entwicklung
Sie haben dieses Quiz noch nicht gespielt